<?xml version="1.0" encoding="UTF-8"?><?xml-stylesheet type="text/xsl" href="static/style.xsl"?><OAI-PMH xmlns="http://www.openarchives.org/OAI/2.0/" xmlns:xsi="http://www.w3.org/2001/XMLSchema-instance" xsi:schemaLocation="http://www.openarchives.org/OAI/2.0/ http://www.openarchives.org/OAI/2.0/OAI-PMH.xsd"><responseDate>2026-04-18T02:26:19Z</responseDate><request verb="GetRecord" identifier="oai:riubu.ubu.es:10259/9290" metadataPrefix="marc">https://riubu.ubu.es/oai/request</request><GetRecord><record><header><identifier>oai:riubu.ubu.es:10259/9290</identifier><datestamp>2024-06-20T00:05:19Z</datestamp><setSpec>com_10259_4809</setSpec><setSpec>com_10259_5086</setSpec><setSpec>com_10259_2604</setSpec><setSpec>col_10259_4810</setSpec></header><metadata><record xmlns="http://www.loc.gov/MARC21/slim" xmlns:doc="http://www.lyncode.com/xoai" xmlns:xsi="http://www.w3.org/2001/XMLSchema-instance" xmlns:dcterms="http://purl.org/dc/terms/" xsi:schemaLocation="http://www.loc.gov/MARC21/slim http://www.loc.gov/standards/marcxml/schema/MARC21slim.xsd">
<leader>00925njm 22002777a 4500</leader>
<datafield tag="042" ind1=" " ind2=" ">
<subfield code="a">dc</subfield>
</datafield>
<datafield tag="720" ind1=" " ind2=" ">
<subfield code="a">Mena Alonso, Álvaro</subfield>
<subfield code="e">author</subfield>
</datafield>
<datafield tag="720" ind1=" " ind2=" ">
<subfield code="a">González Cabrera, Dorys Carmen</subfield>
<subfield code="e">author</subfield>
</datafield>
<datafield tag="720" ind1=" " ind2=" ">
<subfield code="a">Mínguez Algarra, Jesús</subfield>
<subfield code="e">author</subfield>
</datafield>
<datafield tag="720" ind1=" " ind2=" ">
<subfield code="a">Vicente Cabrera, Miguel Ángel</subfield>
<subfield code="e">author</subfield>
</datafield>
<datafield tag="260" ind1=" " ind2=" ">
<subfield code="c">2024-01-12</subfield>
</datafield>
<datafield tag="520" ind1=" " ind2=" ">
<subfield code="a">This paper studies the size effect on flexural fatigue in concrete. In particular, the main objective is to evaluate how the addition and content of steel fibers affect this size effect. For this purpose, four types of concrete have been produced: plain and reinforced concrete with fiber contents of 0.3%, 0.6% and 1%. Two prismatic specimen sizes were considered: 75×75×300 mm, named S, and 150×150×600 mm, named L. All specimens were subjected to 3-point bending fatigue at the same relative stress levels up to failure. The results reveal very interesting conclusions. The fibers mitigate the size effect on fatigue life, going from a difference of three orders of magnitude in PC, to practically zero in SFRC. Furthermore, it is observed that fibers do not necessarily improve fatigue life; in fact, the trend changes depending on specimen size. Finally, it is shown that the secondary crack opening rate dCMOD/dn has a good correlation with fatigue life, explaining the dispersion of N in general and the size effect in particular.</subfield>
</datafield>
<datafield tag="024" ind2=" " ind1="8">
<subfield code="a">0950-0618</subfield>
</datafield>
<datafield tag="024" ind2=" " ind1="8">
<subfield code="a">http://hdl.handle.net/10259/9290</subfield>
</datafield>
<datafield tag="024" ind2=" " ind1="8">
<subfield code="a">10.1016/j.conbuildmat.2023.134424</subfield>
</datafield>
<datafield ind1=" " ind2=" " tag="653">
<subfield code="a">Size effect</subfield>
</datafield>
<datafield ind1=" " ind2=" " tag="653">
<subfield code="a">Flexural fatigue</subfield>
</datafield>
<datafield ind1=" " ind2=" " tag="653">
<subfield code="a">Fiber-reinforced concrete</subfield>
</datafield>
<datafield ind1=" " ind2=" " tag="653">
<subfield code="a">Cracking in concrete</subfield>
</datafield>
<datafield ind1=" " ind2=" " tag="653">
<subfield code="a">Secondary crack opening rate</subfield>
</datafield>
<datafield tag="245" ind1="0" ind2="0">
<subfield code="a">Size effect on the flexural fatigue behavior of high-strength plain and fiber-reinforced concrete</subfield>
</datafield>
</record></metadata></record></GetRecord></OAI-PMH>